00514 a2200157 4500010001400000020002300014035001300037037001600050082001200066100002300078245008500101260004500186270005400231300003800285500003300323 aENG-89417 a8120334557c375.00 aEN-72950 bDBAD / PUB14a004.6821 aCoventry, Penelope1 aMircrosoft office sharepoint designer 2007:cby Penelope Coventrybstep by step/ aNew DelhibPrentice Hall of Indiac2008 aM-97, Connaught CircusbNew DelhicDelhie110001 axxv, 386p.c23 cm ( Pbk.)eCD-ROM aIncludes glossary and Index